Normal view
MARC view
Entry Personal Name
001 - CONTROL NUMBER
- control field: 779255
003 - CONTROL NUMBER IDENTIFIER
- control field: OSt
005 - DATE AND TIME OF LATEST TRANSACTION
- control field: 20250508164832.0
008 - FIXED-LENGTH DATA ELEMENTS
- fixed length control field: 250508|| aca||aabn | a|a d
040 ## - CATALOGING SOURCE
- Original cataloging agency: OSt
- Transcribing agency: OSt
100 ## - HEADING--PERSONAL NAME
- Personal name: Dixit Vandana
670 ## - SOURCE DATA FOUND
- Source citation: Work cat.: (OSt)1391482: Dixit Vandana, Study of the place of adolescence education in teacher education programme, 2008
